[Event "Baden-chB"]
[Site "Badenweiler"]
[Date "2009.06.07"]
[Round "7"]
[White "Aschenbach, Michael"]
[Black "Belikan, Thomas"]
[Result "0-1"]
[WhiteElo "1362"]
[BlackElo "1786"]
[PlyCount "103"]
[EventDate "2009.06.01"]
[EventType "swiss"]
[EventRounds "9"]
[EventCountry "GER"]
[SourceTitle "EXT 2010"]
[Source "ChessBase"]
[SourceDate "2010.11.25"]
[SourceVersion "1"]
[SourceVersionDate "2010.11.25"]
[SourceQuality "1"]

1. e4 e6 2. Nf3 d5 3. e5 c5 4. Bb5+ Bd7 5. Bxd7+ Qxd7 6. c3 d4 7. c4 Nc6 8. 0-0 Nge7 9. d3 Nf5 10. Re1 h6 11. g4 Nfe7 12. Nbd2 Ng6 13. Nf1 Be7 14. Ng3 0-0-0 15. a3 Bh4 16. Nxh4 Nxh4 17. f4 f5 18. gxf5 exf5 19. b4 Rdg8 20. b5 Nd8 21. Kf2 Ne6 22. Nh5 Qf7 23. Rg1 g5 24. Nf6 Rg7 25. Qh5 Ng6 26. fxg5 hxg5 27. Qf3 Nxe5 28. Qxf5 Nxd3+ 29. Qxd3 Qxf6+ 30. Qf3 Rxh2+ 31. Rg2 Rxg2+ 32. Kxg2 Rf7 33. Qxf6 Rxf6 34. Bd2 Nf4+ 35. Bxf4 Rxf4 36. Rd1 Kc7 37. Rd3 Kb6 38. Kg3 a6 39. Rb3 axb5 40. Rxb5+ Kc6 41. Rb3 b6 42. Rd3 b5 43. cxb5+ Kxb5 44. Rd1 Ka4 45. Rc1 Rf5 46. Kg4 Re5 47. Rd1 Kxa3 48. Rd3+ Kb2 49. Kf3 Kc2 50. Ra3 Re3+ 51. Rxe3 dxe3 52. Kxe3 0-1

[Event "Baden-chB"]
[Site "Badenweiler"]
[Date "2009.06.04"]
[Round "3"]
[White "Aschenbach, Michael"]
[Black "Alle, Werner"]
[Result "0-1"]
[WhiteElo "1362"]
[BlackElo "1653"]
[PlyCount "23"]
[EventDate "2009.06.01"]
[EventType "swiss"]
[EventRounds "9"]
[EventCountry "GER"]
[SourceTitle "EXT 2010"]
[Source "ChessBase"]
[SourceDate "2010.11.25"]
[SourceVersion "1"]
[SourceVersionDate "2010.11.25"]
[SourceQuality "1"]

1. e4 e6 2. b3 d5 3. e5 c5 4. d3 Nc6 5. Nf3 Nge7 6. Bg5 Qc7 7. Bxe7 Bxe7 8. Qe2 Bd7 9. g3 Rc8 10. Bg2 Nd4 11. c3 Nxe2 12. Kxe2 0-1